Guess the Green Day Song #1: Medium - Statistics

General Stats
  • This quiz has been taken 159 times
  • The average score is 91 of 224
Answer Stats
lyric % Correct
I
94%
I'll
94%
I'm
94%
A
93%
a
93%
you
85%
the
83%
Do
78%
do
78%
to
57%
no
54%
so
52%
and
51%
And
51%
have
51%
My
45%
my
45%
then
45%
time
45%
on
44%
not
41%
is
40%
it
40%
of
38%
that
35%
are
32%
Because
32%
but
32%
But
32%
see
29%
was
29%
with
29%
can't
28%
all
27%
as
26%
away
26%
every
26%
if
24%
say
24%
shits
24%
run
21%
got
20%
gun
20%
word
20%
fat
19%
head
19%
Hit
19%
hit
19%
again
18%
right
18%
still
18%
winning
18%
believe
17%
lies
17%
rights
17%
ain't
16%
Call
16%
dumb
16%
walking
16%
wallet's
16%
Agree
15%
ass
15%
belief
15%
cheap
15%
contradiction
15%
deep
15%
expensive
15%
myself
15%
playing
15%
smart
15%
Talk
15%
beg
14%
big
14%
broken
14%
contrary
14%
differ
14%
Losers
14%
victim
14%
behind
13%
blind
13%
born
13%
Catch-22
13%
Constant
13%
Control
13%
deaf
13%
even
13%
glue
13%
lies
13%
lottery
13%
set
13%
sniffing
13%
chaos
12%
Rehab
12%
rejects
12%
shits
12%
Standards
12%
refutation
11%
Song: Walking Contradiction
6%
No matching quizzes found
Score Distribution
Percent of People with Each Score
Percentile by Number Answered
Your Score History
You have not taken this quiz